Engineering geology (Record no. 553948)
[ view plain ]
| 000 -LEADER | |
|---|---|
| fixed length control field | 00485nam a2200169 a 4500 |
| 020 ## - INTERNATIONAL STANDARD BOOK NUMBER | |
| International Standard Book Number | 938085627X |
| 020 ## - INTERNATIONAL STANDARD BOOK NUMBER | |
| International Standard Book Number | 978-9380856278 |
| 082 00 - DEWEY DECIMAL CLASSIFICATION NUMBER | |
| Classification number | 624.151 |
| Author Mark | KES |
| 100 1# - MAIN ENTRY--PERSONAL NAME | |
| Personal name | Kesavulu, N Chenna. |
| 9 (RLIN) | 51192 |
| 245 10 - TITLE STATEMENT | |
| Title | Engineering geology |
| Statement of responsibility, etc. | N Chenna. Kesavulu, |
| 260 ## - PUBLICATION, DISTRIBUTION, ETC. | |
| Place of publication, distribution, etc. | New Delhi ; |
| -- | Boston : |
| Name of publisher, distributor, etc. | Trinity, |
| Date of publication, distribution, etc. | 2016. |
| 300 ## - PHYSICAL DESCRIPTION | |
| Extent | 449 p. : |
| Other physical details | ill. ; |
| Dimensions | 25 cm. |
| 526 ## - STUDY PROGRAM INFORMATION NOTE | |
| Program name | 0 |
| Interest level | 0 |
| Reading level | 0 |
| Title point value | 624_151000000000000_KES |
| 650 #0 - SUBJECT ADDED ENTRY--TOPICAL TERM | |
| Topical term or geographic name entry element | Engineering geology. |
| 650 #0 - SUBJECT ADDED ENTRY--TOPICAL TERM | |
| Topical term or geographic name entry element | Soil mechanics. |
| 942 ## - ADDED ENTRY ELEMENTS (KOHA) | |
| Source of classification or shelving scheme | |
| Koha item type | Book |
| Withdrawn status | Lost status | Source of classification or shelving scheme | Damaged status | Not for loan | Permanent Location | Current Location | Date acquired | Total Checkouts | Full call number | Barcode | Date last seen | Date last checked out | Price effective from | Koha item type |
|---|---|---|---|---|---|---|---|---|---|---|---|---|---|---|
| Military College of Engineering (MCE) | Military College of Engineering (MCE) | 07/24/2017 | 2 | 624.151 KES | MCE-50542 | 11/10/2018 | 11/10/2018 | 07/24/2017 | Book |
